Harm and offence in media content (Record no. 111655)
[ view plain ]
| 000 -LEADER | |
|---|---|
| fixed length control field | 01608nam a2200337Ia 4500 |
| 100 1# - MAIN ENTRY--AUTHOR NAME | |
| Personal name | Hargrave, Andrea Millwood. |
| 245 10 - TITLE STATEMENT | |
| Title | Harm and offence in media content |
| 260 ## - PUBLICATION, DISTRIBUTION, ETC. (IMPRINT) | |
| Place of publication | Bristol, UK ; |
| -- | Portland, Or. : |
| Name of publisher | Intellect, |
| Year of publication | c2006. |
| 300 ## - PHYSICAL DESCRIPTION | |
| Number of Pages | 256 p. |
| 505 0# - FORMATTED CONTENTS NOTE | |
| Formatted contents note | The literature review -- Researching media effects -- 1. Television -- 2. Radio -- 3. Music -- 4. Print -- 5. Film, video and DVD -- 6. Games -- 7. Internet -- 8. Telephony -- 9. Advertising -- 10. Regulation -- Annex. The legal framework. |
| 650 #0 - SUBJECT ADDED ENTRY--TOPICAL TERM | |
| Topical Term | Mass media and children. |
| Topical Term | Television and children. |
| Topical Term | Computers and children. |
| Topical Term | Video games and children. |
| 700 1# - ADDED ENTRY--PERSONAL NAME | |
| Personal name | Livingstone, Sonia M. |
| Personal name | Brake, David. |
| 856 40 - ELECTRONIC LOCATION AND ACCESS | |
| Uniform Resource Identifier | http://site.ebrary.com/lib/rucke/Doc?id=10120748 |
No items available.
